| 000 | 00000nam##2200000za#4500 |
| 001 | 9.566378 |
| 003 | CaOODSP |
| 005 | 20210624180248 |
| 007 | cr ||||||||||| |
| 008 | 150406|2004||||xxc|||||o f|0| 0 eng|d |
| 040 | |aCaOODSP|beng |
| 043 | |an-cn--- |
| 086 | 1 |aTU3-5/04-37E-PDF |
| 110 | 2 |aTransportation Safety Board of Canada. |
| 245 | 10|aRunway excursion - Morningstar Air Express Inc. Boeing 727 C-GMSX, Greater Moncton International Airport, New Brunswick, 31 August 2004 |h[electronic resource] |
| 260 | |aGatineau - Quebec : |bTransportation Safety Board of Canada |c[2006]. |
| 300 | |a9p.|bfig., illus., photographs |
| 490 | 1 |aAviation investigation report |vA04A0110 |
| 590 | |a10-05-Supp|b2010-07-20 |
| 690 | 07|aAircraft accidents|2gcpds |
| 775 | 08|tSortie de piste du Boeing 727 C-GMSX exploité par Morningstar Air Express Inc. à l'aéroport international du Grand Moncton (Nouveau-Brunswick), le 31 août 2004 |w(CaOODSP)9.597889 |
| 830 | #0|aAviation investigation report ;|vA04A0110|w(CaOODSP)9.504825 |
| 856 | 40|ahttp://publications.gc.ca|qPDF|s424 KB|uhttps://publications.gc.ca/collections/collection_2009/bst-tsb/TU3-5-04-37E.pdf|yA04A0110 |